| 000 | 02270nam a22002897a 4500 | ||
|---|---|---|---|
| 999 |
_c61394 _d61394 |
||
| 003 | Ge_BSU | ||
| 005 | 20240305170157.0 | ||
| 008 | 240305s2023 ge ||||| |||| 00| 0 geo d | ||
| 020 | _a9789941861789 | ||
| 041 | _ageo | ||
| 080 | _a342.7 ლ-80 | ||
| 100 |
_aლოლაძე, ბესიკ _921329 |
||
| 245 |
_aძირითადი უფლებები : _bკომენტარი : [სახელმძღვანელო] / _cბესიკ ლოლაძე, ანა ფირცხალაიშვილი; სამეცნიერო რედაქტორი გიორგი ხუბუა; რედაქტორები: ლილი სალაძე, ნიკოლოზ კობახიძე, მარიამ ფერაძე. |
||
| 264 |
_aთბილისი : _bშპს "ფორმა", _c2023. |
||
| 300 |
_a1007 გვ. ; _b25 სმ. |
||
| 500 | _aწიგნი მომზადდა და გამოიცა საქართველოს ეროვნული უნივერსიტეტი სეუ-ს მიერ, USAID სამართლის უზენაესობის პროგრამის მხარდაჭერით, აშშ-ს საერთაშორისო განვითარების სააგენტოს (USAID) დაფინანსებით. | ||
| 504 | _aბიბლიოგრაფია: გვ. 931-948. | ||
| 653 | _aადამიანის ძირითადი უფლებები | ||
| 653 | _aსამართალი | ||
| 700 |
_aფირცხალაიშვილი, ანა _e ავტორი _98085 |
||
| 700 |
_aხუბუა, გიორგი _eსამეცნიერო რედაქტორი _921330 |
||
| 700 |
_aსალაძე, ლილი _eრედაქტორი _921331 |
||
| 700 |
_aკობახიძე, ნიკოლოზ _e რედაქტორი _921332 |
||
| 700 |
_aფერაძე, მარიამ _eრედაქტორი _921333 |
||
| 700 |
_aჩხეიძე, გიორგი _eწინასიტყვაობის ავტორი _921334 |
||
| 942 |
_2udc _cᲬᲘᲒᲜᲘ |
||